Microeconomía / (Registro nro. 5497)

Detalles MARC
000 -LEADER
fixed length control field 01152nam a2200277Ia 4500
003 - CONTROL NUMBER IDENTIFIER
control field OSt
005 - DATE AND TIME OF LATEST TRANSACTION
control field 20200605162605.0
008 - FIXED-LENGTH DATA ELEMENTS--GENERAL INFORMATION
fixed length control field 191128s1994 ck ad gr 000 0dspa d
020 ## - INTERNATIONAL STANDARD BOOK NUMBER
International Standard Book Number 968422995X
040 ## - CATALOGING SOURCE
Original cataloging agency CO-JMCR
Transcribing agency CO-JMCR
041 0# - LANGUAGE CODE
Language code of text/sound track or separate title spa
082 04 - DEWEY DECIMAL CLASSIFICATION NUMBER
Classification number 330.1 /
Item number S182m
Edition number 23
100 1# - MAIN ENTRY--PERSONAL NAME
Personal name Salvatore, Dominick,
Relator term autor
9 (RLIN) 5077
245 10 - TITLE STATEMENT
Title Microeconomía /
Statement of responsibility, etc. Dominick Salvatore ; revisión técnica Francisco Lopéz Herrera ; traducción Hugo Villagómez Velázquez
250 ## - EDITION STATEMENT
Edition statement Cuarta edición
260 ## - PUBLICATION, DISTRIBUTION, ETC.
Place of publication, distribution, etc. Bogotá :
Name of publisher, distributor, etc. McGraw-Hill,
Date of publication, distribution, etc. 1994
300 ## - PHYSICAL DESCRIPTION
Extent xii, 355 páginas :
Other physical details ilustraciones, gráficos en blanco y negro ;
Dimensions 27 cm.
490 0# - SERIES STATEMENT
Series statement Serie de compendios
500 ## - GENERAL NOTE
General note biografía del autor en la página v.
505 ## - FORMATTED CONTENTS NOTE
Formatted contents note Demanda, oferta y equilibrios: panorama general -- Medición de las elasticidades -- Tepría de la demanda del consumidor -- Temas avanzados de la teoría de la demanda del consumidor
650 14 - SUBJECT ADDED ENTRY--TOPICAL TERM
Topical term or geographic name entry element Microeconomía
9 (RLIN) 5078
650 24 - SUBJECT ADDED ENTRY--TOPICAL TERM
Topical term or geographic name entry element Estadística
9 (RLIN) 5079
700 1# - ADDED ENTRY--PERSONAL NAME
Personal name López Herrera, Francisco,
Relator term revisión técnica
9 (RLIN) 5080
700 1# - ADDED ENTRY--PERSONAL NAME
Personal name Villagómez Velázquez, Hugo,
Relator term traductor
9 (RLIN) 5081
942 ## - ADDED ENTRY ELEMENTS (KOHA)
Source of classification or shelving scheme Dewey Decimal Classification
Koha item type Books
Existencias
Withdrawn status Lost status Source of classification or shelving scheme Materials specified (bound volume or other part) Damaged status Not for loan Home library Current library Shelving location Date acquired Source of acquisition Cost, normal purchase price Total Checkouts Full call number Barcode Date last seen Date last checked out Copy number Price effective from Koha item type
    Dewey Decimal Classification Donación--15/04/2018--     Biblioteca Pública José María del Castillo y Rada Biblioteca Pública José María del Castillo y Rada General Stacks 11/28/2019 Donación 0.00 2 330.1 / S182m 430001993 05/16/2024 06/22/2023 Ej.1 11/28/2019 Books